La economía del sector público (Registro nro. 993)

Detalles MARC
000 -LEADER
fixed length control field 01614 a2200253 4500
001 - CONTROL NUMBER
control field 22376
005 - DATE AND TIME OF LATEST TRANSACTION
control field 20260407155514.0
008 - FIXED-LENGTH DATA ELEMENTS--GENERAL INFORMATION
fixed length control field 260407a2000 arg spa d
003 - CONTROL NUMBER IDENTIFIER
control field AR-UNSa-BCEJYS
040 ## - CATALOGING SOURCE
Original cataloging agency AR-UNSa-BCEJYS
Language of cataloging spa
Transcribing agency AR-UNSa-BCEJYS
080 ## - UNIVERSAL DECIMAL CLASSIFICATION NUMBER
Universal Decimal Classification number 336.13
Common auxiliary subdivision Finanzas del sector público
020 ## - INTERNATIONAL STANDARD BOOK NUMBER
International Standard Book Number 978-84-95348-05-0
041 ## - LANGUAGE CODE
Language code of text/sound track or separate title spa
100 1# - MAIN ENTRY--PERSONAL NAME
Personal name Stiglitz, Joseph E.
245 10 - TITLE STATEMENT
Title La economía del sector público
250 ## - EDITION STATEMENT
Edition statement 3a. ed
264 #1 - PRODUCTION, PUBLICATION, DISTRIBUTION, MANUFACTURE, AND COPYRIGHT NOTICE
Place of production, publication, distribution, manufacture Barcelona :
Name of producer, publisher, distributor, manufacturer Antoni Bosch
Date of production, publication, distribution, manufacture, or copyright notice 2000
300 ## - PHYSICAL DESCRIPTION
Extent xv, 738 p.
Dimensions 24 cm.
505 ## - FORMATTED CONTENTS NOTE
Formatted contents note 1. El sector público en una economía mixta - 2. El sector público en Estados Unidos - 3. La eficiencia del mercado - 4. Los fallos del mercado - 5. Eficiencia y equidad - 6. Los bienes públicos y los bienes privados suministrados por el Estado - 7. La elección pública - 8. Producción pública y burocracia - 9. Las externalidades y el medio medio ambiente - 10. El análisis de la política de gasto - 11. Análisis coste-beneficio - 12. La sanidad - 13. La defensa y la tecnología - 14. La seguridad social - 15. Los programas de asistencia social y la redistribución de la renta - 16. La educación - 17. Los impuestos: introducción - 18. La incidencia de los impuestos - 19. Los impuestos y la eficiencia económica - 20. Los impuestos óptimos - 21. Los impuestos sobre el capital - 22. El federalismo fiscal - 23. Los impuestos y los gastos regionales y municipales - 24. La financiación mediante déficit<br/>
590 ## - LOCAL NOTE (RLIN)
Local note niveau_biblio:m niveau_hierar:0
700 1# - ADDED ENTRY--PERSONAL NAME
Personal name Rabasco, María Esther
700 1# - ADDED ENTRY--PERSONAL NAME
Personal name Toharia Cortés, Luis
942 ## - ADDED ENTRY ELEMENTS (KOHA)
Koha item type
Existencias
Withdrawn status Lost status Damaged status Not for loan Home library Current library Shelving location Date acquired Total checkouts Full call number Barcode Date last seen Price effective from Koha item type
        Biblioteca Prof. Eusebio Cleto del Rey Biblioteca Prof. Eusebio Cleto del Rey   07/04/2026   336.13 S854 3ed. L86682 07/04/2026 07/04/2026 Libro
        Biblioteca Prof. Eusebio Cleto del Rey Biblioteca Prof. Eusebio Cleto del Rey   07/04/2026   336.13 S854 3ed. L86683 07/04/2026 07/04/2026 Libro